00607nam a22001817a 450000500170000001000150001702000260003203500140005803700090007208200110008124501110009226000530020327000600025630000210031670000290033770000320036670000270039820250404144916.0 aENG-144421 a9788197609138c600.00 aEN-127953 bDBAD a95421 aVikasit Bharat @2047:bWays Towards Self-Reliance/cS. Lingamurthy; Shivkumar M Belli [and] Basavaraj M.S. bSamvit Prakashan and Media PVT. LTDc2021aDelhi a1585,1654, Madarsa road, Kashmere gateb Delhie 110006 a436p.;c21cm(pb) aLingamurthy, S. eEditor aBelli, Shivkumar M eEditor aBasavaraj M.S.eEditor